The face of home : a new way to look at the outside of your house /

"In his new book The Face of Home, Jeremiah Eck, FAIA, author of Taunton's The Distinctive Home, examines these physical and emotional characteristics, explores the concepts and applications of exterior design and how they can be successfully used to enhance the experience of home and pr...

Descripción completa

Detalles Bibliográficos
Autor principal: Eck, Jeremiah
Formato: Libro
Lenguaje:English
Publicado: Newtown, CT : Taunton Press, c2006.
Materias:
Classic Catalogue: View this record in Classic Catalogue
LEADER 02192nam a22003494a 4500
001 33353
003 BD-DhAAL
005 20250625105833.0
008 180712t2006 ctua 000 0 eng
010 |a  2005029666 
020 |a 1561587710 
020 |a 9781561587711 
040 |a DLC  |c DLC  |d YDX  |d BAKER  |d OCO  |d VP@  |d QBX  |d DLC  |d BD-DhAAL 
042 |a pcc 
043 |a n-us--- 
050 0 0 |a NA2840  |b .E23 2006 
082 0 0 |a 728.37  |2 22 
100 1 |a Eck, Jeremiah.  |9 26971 
245 1 4 |a The face of home :  |b a new way to look at the outside of your house /  |c Jeremiah Eck. 
260 |a Newtown, CT :  |b Taunton Press,  |c c2006. 
300 |a 218 pages :  |b chiefly color illustrations ;  |c 29 cm. 
505 0 |a Reading the face of home -- Faces of home -- Northern light -- A symphony of roofs -- Straight-faced -- Changing of face -- Light and solid -- Two-faced neighbor -- The shoebox challenge -- House in garden -- Built over time -- Breaking symmetry -- Craftsman companion -- See-through house -- Production perfect -- Two-foot cottage -- Rooms in a row -- Back to the box -- The face of housing -- Past and present -- Open to the view -- Big and beautiful -- House of many faces -- Split decision -- Featured architects. 
520 |a  "In his new book The Face of Home, Jeremiah Eck, FAIA, author of Taunton's The Distinctive Home, examines these physical and emotional characteristics, explores the concepts and applications of exterior design and how they can be successfully used to enhance the experience of home and provides a fresh, new language for describing, understanding, and shaping the face of home"  
526 |a ARC 
541 |a Department of Architecture  |e 33353 
650 0 |a Architecture  |z United States  |x Details.  |9 26972 
650 0 |a Architecture, Domestic  |z United States.  |9 26973 
650 0 |a Landscape architecture  |z United States.  |9 26974 
852 |a Department of Architecture  |c General Stacks 
942 |2 ddc  |c BK 
999 |c 39697  |d 39697 
952 |0 0  |1 0  |2 ddc  |4 0  |6 728_370000000000000_ECK  |7 0  |9 63724  |a BRACUL  |b BRACUL  |c GEN  |d 2018-07-12  |e Department of Architecture   |l 0  |o 728.37 ECK  |p 3010033353  |r 2018-07-12  |t 1  |w 2018-07-12  |y BK  |x Transferred from ARC to BRACUL on 28/12/2023